000 00472nam a2200169 i 4500
001 71779
003 ES-MaACL
005 20250917063040.0
007 t|
008 040818s1918 sp ||||1| spa d
100 1 _aGhiraldo, Alberto,
_d1874-1946
_956573
245 1 0 _aAlma gaucha
_b: drama en 3 actos /
_cAlberto Ghiraldo.
260 _aMadrid :
_bRenacimiento,
_c[1918]
300 _a160 p. ;
_c20 cm.
852 _aES-MaACL
_jF-4332
999 _c71779
_d71779